<?xml version="1.0" encoding="UTF-8"?>
<record
    xmlns:xsi="http://www.w3.org/2001/XMLSchema-instance"
    xsi:schemaLocation="http://www.loc.gov/MARC21/slim http://www.loc.gov/standards/marcxml/schema/MARC21slim.xsd"
    xmlns="http://www.loc.gov/MARC21/slim">

  <leader>01148nam a22001817a 4500</leader>
  <controlfield tag="003">IT-RoPau</controlfield>
  <controlfield tag="005">20220918175938.0</controlfield>
  <controlfield tag="008">130118b        xxu||||| |||| 00| 0 eng d</controlfield>
  <datafield tag="040" ind1=" " ind2=" ">
    <subfield code="c">IT-RoPau</subfield>
  </datafield>
  <datafield tag="100" ind1=" " ind2=" ">
    <subfield code="a">Alberione,Giacomo</subfield>
    <subfield code="q">Fondatore Famiglia Paolina</subfield>
    <subfield code="9">184</subfield>
  </datafield>
  <datafield tag="245" ind1=" " ind2=" ">
    <subfield code="a">Prediche PDDM a Ariccia</subfield>
    <subfield code="b">tenute alla comunit&#xE0; delle Suore Pie Discepole del Divin Maestro  Ariccia - Casa Divin Maestro dal 1959 al 1967 </subfield>
  </datafield>
  <datafield tag="250" ind1=" " ind2=" ">
    <subfield code="a">I</subfield>
  </datafield>
  <datafield tag="260" ind1=" " ind2=" ">
    <subfield code="a">Ariccia</subfield>
    <subfield code="b">PDDM</subfield>
    <subfield code="c">?1960?</subfield>
  </datafield>
  <datafield tag="300" ind1=" " ind2=" ">
    <subfield code="a">127 p.</subfield>
    <subfield code="c">30 cm</subfield>
  </datafield>
  <datafield tag="490" ind1=" " ind2=" ">
    <subfield code="v">I</subfield>
  </datafield>
  <datafield tag="520" ind1=" " ind2=" ">
    <subfield code="a">Ognuno si costruisce la propria eternit&#xE0;
L'apostolato del servizio sacerdotale
Operare per il Paradiso
La retta intenzione
Domenica XI dopo Pentecoste
Cercare la gloria di Dio
Come si deve leggere il Vangelo
Obbedienza interiore ed esteriore
Obbedienza all'azione dello Spirito Santo
Corrispondenza alla grazia attuale
Come la Madonna protese verso il cielo
Fiducia in Maria SS.ma
Solennit&#xE0; dell'Assunzione della B.V. Maria
L'obbligo di tendere alla santit&#xE0;
L'apostolato della Pia Discepola nella Casa-Esercizi
I primi tre gradi della preghiera
Solennit&#xE0; dei SS. Apostoli Pietro e Paolo

Indice</subfield>
  </datafield>
  <datafield tag="942" ind1=" " ind2=" ">
    <subfield code="2">ddc</subfield>
    <subfield code="c">BK</subfield>
  </datafield>
  <datafield tag="999" ind1=" " ind2=" ">
    <subfield code="c">37787</subfield>
    <subfield code="d">37787</subfield>
  </datafield>
  <datafield tag="952" ind1=" " ind2=" ">
    <subfield code="0">0</subfield>
    <subfield code="1">0</subfield>
    <subfield code="2">ddc</subfield>
    <subfield code="4">0</subfield>
    <subfield code="6">P_A1</subfield>
    <subfield code="7">1</subfield>
    <subfield code="a">PAULUS</subfield>
    <subfield code="b">PAULUS</subfield>
    <subfield code="d">2013-01-18</subfield>
    <subfield code="l">0</subfield>
    <subfield code="o">P A1</subfield>
    <subfield code="r">2013-01-18 00:00:00</subfield>
    <subfield code="w">2013-01-18</subfield>
    <subfield code="y">BK</subfield>
  </datafield>
</record>
